=LDR 00000nam 2200000 4500 =001 INLIS000000000032905 =005 20190306022152 =035 ##$$a 0010-061300000032905 =008 190306###########################0#ind## =041 ##$$a Eng =082 ##$$a 657.046 =090 ##$$a 657.046, Adv a =245 1#$$a Advanced Accounting, /$c Joe Ben Hoyle =260 ##$$a Texas :$b BPI,$c 1984 =300 ##$$a xvi, 722 hlm, ; $c 22 cm =650 ##$$a Acunnting =850 ##$$a NBPNMAT =084 ##$$a 657.046 JO a =100 #$$a Joe Ben Hoyle =990 ##$$a 03840384 =990 ##$$a 31.316 hd.89